000 00308nam a22001457a 4500
008 221102b ||||| |||| 00| 0 eng d
020 _a9780521447911
041 _aeng
080 _a334
082 _a334
100 _a25.1
101 _aeco
245 _awealth and freedom
_cLevine D
942 _2udc
_cBK
999 _c58722
_d58722